Špecifiká marketingu v kultúre

Enregistré dans:
Détails bibliographiques
Auteur principal: Tajtáková, Mária
Format: Chapitre de livre
Langue:slovaque
Tags: Ajouter un tag
Pas de tags, Soyez le premier à ajouter un tag!

MARC

LEADER 00000naa$a2200000$$$4500
001 0084608
005 20240502083224.8
041 0 |a slo 
044 |a CZ 
245 1 0 |a Špecifiká marketingu v kultúre  |c Mária Tajtáková 
100 1 |a Tajtáková, Mária